000 00750nam a2200229 a 4500
005 20240702063808.0
008 020920s2000 ag r 000 0 spa d
020 _a9879191684
035 _aUPN01000119404
049 _aCG
050 4 _aMT930
_bC3.5
245 0 0 _aCanciones, juegos, actividades con corcheas :
_borganización de grupos bandas y coros /
_ccoord. Edith Raspo ; Delia Capurro ... [et al.].
260 _aBuenos Aires :
_bNovedades Educativas,
_c2000.
300 _a80 p.
440 0 _aRecursos didácticos.
_pMúsica
500 _a"En la escuela 1999"
650 4 _aMúsica
_xEstudio y enseñanza
_9174
650 4 _aJUEGOS CON CANCIONES
700 1 _aRaspo, Edith,
_ecomp.
700 1 _aCapurro, Delia,
_ecoord.
905 _aLibro
999 _c91758
_d91758